Doctrina procesal penal 2007

Salvato in:
Dettagli Bibliografici
Ente Autore: Defensoría Penal Pública (Autore)
Natura: Libro
Lingua:spagnolo
Pubblicazione: Santiago Centro de Documentación Defensoría Penal Pública 2008
Serie:Informes en Derecho, 4
Soggetti:
Tags: Aggiungi Tag
Nessun Tag, puoi essere il primo ad aggiungerne!!

MARC

LEADER 00000cam a2200000 a 4500
001 UCH1453
003 CL-VaPUC
008 090427e20081200CL |||||||||||||||||spa|d
020 |a 9789568349189 
082 0 4 |a 345.8305  |b DEF  |2 21 
110 2 |a Defensoría Penal Pública  |e author  |9 535950 
245 1 0 |a Doctrina procesal penal 2007 
300 |a 232 p 
942 |c BK 
945 |d 20090427 00:00:00  |a dcastane 
260 |a Santiago  |b Centro de Documentación Defensoría Penal Pública  |c 2008 
650 0 |a Derecho procesal penal  |9 255496 
650 7 |a DERECHO PENAL  |2 CL-VaPUC  |9 11 
650 0 |a Reforma procesal penal   |9 471095 
651 7 |a CHILE  |2 CL-VaPUC  |9 535951 
583 |a last modification  |c 20170529 09:47:01  |k Rodrigo Vera 
490 0 |a Informes en Derecho, 4 
999 |c 333491  |d 333489 
952 |0 0  |1 0  |4 0  |6 345_830500000000000_DEF_2008  |7 0  |8 A  |9 421929  |a BIBDER  |b BIBDER  |d 2019-11-22  |i 454045K  |o 345.8305 DEF 2008  |p 454045K  |r 2023-01-25  |w 2019-11-22  |y BK  |k DER 
952 |0 0  |1 0  |3 erb  |4 0  |6 345_830500000000000_DEF_2008  |7 0  |8 A  |9 421931  |a BIBDER  |b BIBDER  |i 5393043  |o 345.8305 DEF 2008  |p 5393043  |r 2023-01-25  |w 2019-11-22  |y BK  |z Catalogado en:20170602  |k DER